[Event "EU Union-ch U12 17th"]
[Site "Mureck"]
[Date "2019.08.01"]
[Round "2"]
[White "Bruessow, Nina"]
[Black "Jasas, Eimantas"]
[Result "1-0"]
[WhiteElo "1283"]
[BlackElo "1131"]
[PlyCount "39"]
[EventDate "2019.07.31"]
[EventType "swiss"]
[EventRounds "9"]
[EventCountry "AUT"]
[SourceTitle "EXT 2020"]
[Source "ChessBase"]
[SourceDate "2019.10.17"]
[SourceVersion "1"]
[SourceVersionDate "2019.10.17"]
[SourceQuality "1"]

1. e4 c5 2. Nf3 e6 3. d4 cxd4 4. Nxd4 Nc6 5. Nc3 Qc7 6. Be3 Nf6 7. f3 Be7 8. Qd2 a6 9. 0-0-0 d6 10. g4 h6 11. h4 Ne5 12. Be2 b5 13. g5 hxg5 14. hxg5 Rxh1 15. Rxh1 Nfd7 16. Qe1 Ng6 17. Rh7 Bf8 18. f4 e5 19. Nd5 Qd8 20. Nc6 1-0